00401nam a2200169Ia 4500003000400000005001700004008004100021020001400062040000700076041000800083082002100091100001900112245003400131260003700165300001500202365001400217OSt20230328160800.0210423s2006 xx 000 0 und d a815340893 cAL aeng a541.3223b METH aMETIU (Horia). aPhysical chemistry: kinetics. aNew YorkbTaylor & Francisc2006 axx,169bHB b1601cINR